000 00488nam a2200193Ia 4500
003 GCL
008 140319s9999 xx 000 0 eng d
040 _aGCL /
_cGCL
082 0 4 _a616.4
_bH A
100 1 _aHALL, R.
245 1 0 _aA COLOUR ATLAS OF ENDOCRINOLOGY /
_cHALL, R.
700 1 _aEVERED, D.C.
260 _a[S.N] :
_bELBS WOLFE MEDICAL PUBLICATIONS ،
_c1990
300 _a247 P
650 0 4 _aENDOCRINOLOGY
650 0 4 _aMEDICINE
650 0 4 _aHORMONES
942 _2ddc
_cBK
999 _c19974
_d19974